[Event "FRA-chT1 1011"]
[Site "France"]
[Date "2010.11.13"]
[Round "2.7"]
[White "Flament, Frederic"]
[Black "Tissot, Alice"]
[Result "1-0"]
[WhiteElo "2091"]
[BlackElo "1960"]
[PlyCount "61"]
[EventDate "2010.10.17"]
[EventType "team-tourn"]
[EventRounds "11"]
[EventCountry "FRA"]
[SourceTitle "EXT 2012"]
[Source "ChessBase"]
[SourceDate "2011.11.24"]
[SourceVersion "1"]
[SourceVersionDate "2011.11.24"]
[SourceQuality "1"]

1. d4 Nf6 2. Nf3 g6 3. Bf4 Bg7 4. e3 0-0 5. c4 c5 6. Nc3 cxd4 7. exd4 d5 8. Be2 Be6 9. Ng5 Bf5 10. Qb3 Nc6 11. Rd1 Na5 12. Qb4 dxc4 13. Bxc4 Nxc4 14. Qxc4 h6 15. Nf3 Bg4 16. Rd3 Rc8 17. Qa4 Nd5 18. Nxd5 Qxd5 19. 0-0 a6 20. Rb3 Bxf3 21. Rxf3 Rc4 22. Qa3 e6 23. Be3 Bxd4 24. Bxh6 Re8 25. b3 Rc2 26. Qa4 e5 27. Qxe8+ Kh7 28. Be3 Bxe3 29. Qxf7+ Qxf7 30. Rxf7+ Kg8 31. fxe3 1-0

[Event "FRA-chT1 1011"]
[Site "France"]
[Date "2010.10.17"]
[Round "1.6"]
[White "Gouvart, Stephane"]
[Black "Flament, Frederic"]
[Result "1/2-1/2"]
[WhiteElo "1975"]
[BlackElo "2091"]
[PlyCount "100"]
[EventDate "2010.10.17"]
[EventType "team-tourn"]
[EventRounds "11"]
[EventCountry "FRA"]
[SourceTitle "EXT 2012"]
[Source "ChessBase"]
[SourceDate "2011.11.24"]
[SourceVersion "1"]
[SourceVersionDate "2011.11.24"]
[SourceQuality "1"]

1. e4 c5 2. Nc3 Nc6 3. g3 g6 4. Bg2 Bg7 5. d3 d6 6. Be3 Rb8 7. Nge2 Nd4 8. Nc1 b5 9. Qd2 Bg4 10. f4 b4 11. Nd1 Nf3+ 12. Bxf3 Bxf3 13. 0-0 Bxd1 14. Qxd1 Bxb2 15. Rb1 Bd4 16. Bxd4 cxd4 17. e5 dxe5 18. fxe5 Qd5 19. Nb3 Nh6 20. Qd2 Nf5 21. g4 Ng7 22. Qf4 Rd8 23. Nc5 0-0 24. Ne4 Ne6 25. Qg3 a5 26. Qh4 Rd7 27. Rf6 Qxe5 28. Rbf1 Kg7 29. g5 exf6 30. Qh6+ Kh8 31. Nxf6 Qxg5+ 32. Qxg5 Nxg5 33. Nxd7 Rc8 34. h4 Rc7 35. Ne5 Ne6 36. Rxf7 Rxc2 37. Re7 Nc7 38. Nf7+ Kg7 39. Ng5+ Kf6 40. Rxh7 Ne6 41. Rf7+ Ke5 42. Re7 Rc6 43. Kf2 a4 44. Nxe6 Rxe6 45. Rb7 b3 46. axb3 axb3 47. Rxb3 Kf4 48. Rb4 Rd6 49. Rb8 Kg4 50. Rh8 Ra6 1/2-1/2

[Event "FRA-chT2 0910"]
[Site "France"]
[Date "2009.12.12"]
[Round "5.4"]
[White "Flament, Frederic"]
[Black "Bouton, Christophe"]
[Result "1-0"]
[WhiteElo "2130"]
[BlackElo "2084"]
[PlyCount "79"]
[EventDate "2009.09.27"]
[EventType "team-tourn"]
[EventRounds "11"]
[EventCountry "FRA"]
[SourceTitle "EXT 2011"]
[Source "ChessBase"]
[SourceDate "2010.11.26"]
[SourceVersion "1"]
[SourceVersionDate "2010.11.26"]
[SourceQuality "1"]

1. d4 Nf6 2. Nf3 g6 3. c4 Bg7 4. Nc3 d5 5. Bf4 0-0 6. e3 c5 7. dxc5 Qa5 8. Rc1 Ne4 9. Be5 Bxe5 10. Nxe5 Nxc3 11. Rxc3 Na6 12. cxd5 Nxc5 13. Qd4 Nd7 14. Bc4 Nxe5 15. Qxe5 b5 16. Bb3 b4 17. Qc7 Qa6 18. Rc4 Qf6 19. Rf4 Qxb2 20. 0-0 Ba6 21. Qc1 Qe5 22. Qa1 Qd6 23. Re1 Bb5 24. Qd4 a5 25. Rh4 a4 26. Bd1 Rfc8 27. Qxb4 Qxd5 28. Bf3 Qd7 29. Rd1 Qe8 30. Bxa8 Rxa8 31. Re4 e6 32. Re5 Bc6 33. h4 h5 34. Qd6 Rc8 35. Ra5 Bd5 36. a3 Rc4 37. Rb1 Rc8 38. Ra7 Ra8 39. Rxa8 Qxa8 40. Rb8+ 1-0

[Event "FRA-chT2 North 0809"]
[Site "France"]
[Date "2009.04.05"]
[Round "11.4"]
[White "Jaulin, Marc"]
[Black "Flament, Frederic"]
[Result "1/2-1/2"]
[WhiteElo "2100"]
[BlackElo "2116"]
[PlyCount "37"]
[EventDate "2008.10.19"]
[EventType "team-tourn"]
[EventRounds "11"]
[EventCountry "FRA"]
[SourceTitle "EXT 2010"]
[Source "ChessBase"]
[SourceDate "2010.11.25"]
[SourceVersion "1"]
[SourceVersionDate "2010.11.25"]
[SourceQuality "1"]
[WhiteTeam "Cergy Pontoise"]
[BlackTeam "Le Touquet"]
[WhiteTeamCountry "FRA"]
[BlackTeamCountry "FRA"]

1. e4 c5 2. Nc3 Nc6 3. Bb5 g6 4. Bxc6 dxc6 5. d3 Bg7 6. f4 e5 7. Nf3 Bg4 8. 0-0 Qe7 9. Qe1 Bxf3 10. Rxf3 Nf6 11. f5 Nd7 12. Qg3 Nf8 13. Be3 f6 14. h4 0-0-0 15. a3 Nd7 16. Rff1 Rdg8 17. Qf2 h5 18. b4 Bh6 19. Na4 1/2-1/2

[Event "FRA-chT2 North 0809"]
[Site "France"]
[Date "2009.03.15"]
[Round "9.5"]
[White "Brunier, Jules"]
[Black "Flament, Frederic"]
[Result "1-0"]
[WhiteElo "1962"]
[BlackElo "2116"]
[PlyCount "71"]
[EventDate "2008.10.19"]
[EventType "team-tourn"]
[EventRounds "11"]
[EventCountry "FRA"]
[SourceTitle "EXT 2010"]
[Source "ChessBase"]
[SourceDate "2010.11.25"]
[SourceVersion "1"]
[SourceVersionDate "2010.11.25"]
[SourceQuality "1"]
[WhiteTeam "Saint Mande"]
[BlackTeam "Le Touquet"]
[WhiteTeamCountry "FRA"]
[BlackTeamCountry "FRA"]

1. e4 c5 2. c3 d5 3. exd5 Qxd5 4. d4 Nf6 5. Nf3 Bg4 6. dxc5 Qxd1+ 7. Kxd1 e5 8. b4 e4 9. h3 Bh5 10. g4 Nxg4 11. hxg4 Bxg4 12. Nbd2 exf3 13. Bd3 Nc6 14. Re1+ Be7 15. Kc2 Be6 16. Nxf3 h6 17. Bf4 0-0-0 18. Be4 g5 19. Bh2 Bf6 20. Bd6 g4 21. Nd2 Bg5 22. Nb3 Rhe8 23. b5 f5 24. Bd3 Nb8 25. Rxe6 Rxe6 26. Bxf5 Rde8 27. Nd4 Nd7 28. Nxe6 Be7 29. Rd1 g3 30. fxg3 Bxd6 31. Rxd6 Rg8 32. Nf4 Rxg3 33. Rxd7 Rg5 34. Ne6 Kxd7 35. Nxg5+ Ke7 36. Ne4 1-0

[Event "FRA-chT2 North 0809"]
[Site "France"]
[Date "2009.01.18"]
[Round "6.4"]
[White "Flament, Frederic"]
[Black "Guyard, Bertrand"]
[Result "1/2-1/2"]
[WhiteElo "2116"]
[BlackElo "2247"]
[PlyCount "182"]
[EventDate "2008.10.19"]
[EventType "team-tourn"]
[EventRounds "11"]
[EventCountry "FRA"]
[SourceTitle "EXT 2010"]
[Source "ChessBase"]
[SourceDate "2010.11.25"]
[SourceVersion "1"]
[SourceVersionDate "2010.11.25"]
[SourceQuality "1"]
[WhiteTeam "Le Touquet"]
[BlackTeam "Chess XV"]
[WhiteTeamCountry "FRA"]
[BlackTeamCountry "FRA"]

1. d4 Nf6 2. Nf3 g6 3. Bf4 Bg7 4. e3 0-0 5. Be2 d6 6. 0-0 b6 7. c4 Bb7 8. Nc3 Ne4 9. Qc2 Nxc3 10. bxc3 Nd7 11. a4 e5 12. Bg3 a5 13. c5 bxc5 14. dxe5 Nxe5 15. Nxe5 dxe5 16. Rfd1 Qe7 17. Rab1 Bc6 18. Bb5 Qe6 19. Bxc6 Qxc6 20. Rb5 Rfb8 21. Rdb1 Rb6 22. c4 Rab8 23. Rc1 Ra8 24. Rcb1 f6 25. h4 Bf8 26. h5 Kf7 27. f3 Rab8 28. Be1 Rd8 29. Bxa5 Ra6 30. Bxc7 Rd7 31. Bb6 e4 32. hxg6+ hxg6 33. Qxe4 Qxe4 34. fxe4 Rxa4 35. Bxc5 Rxc4 36. Rb7 Rc1+ 37. Rxc1 Rxb7 38. Bxf8 Kxf8 39. Kf2 Ke7 40. Rc6 Rb5 41. Kf3 Ra5 42. Rb6 Rc5 43. g3 Ra5 44. Kf4 Rc5 45. Rb7+ Ke6 46. Rg7 g5+ 47. Kf3 Ra5 48. Rb7 Rc5 49. Ra7 Rb5 50. Ra6+ Ke5 51. Ra8 Ke6 52. Re8+ Kf7 53. Ra8 Ke6 54. Re8+ Kf7 55. Rd8 Ke6 56. Kg4 Rb3 57. Kf3 Ra3 58. Rd5 Rb3 59. Rf5 Ra3 60. g4 Ra1 61. e5 fxe5 62. Rxg5 Ra4 63. Rg6+ Kf7 64. Rb6 Rc4 65. Ra6 Rb4 66. g5 Rc4 67. g6+ Kg7 68. e4 Rb4 69. Re6 Ra4 70. Rxe5 Kxg6 71. Rf5 Ra1 72. Ke3 Re1+ 73. Kd4 Ra1 74. Rb5 Ra6 75. Ke5 Kf7 76. Rb7+ Ke8 77. Kf5 Rc6 78. Ra7 Rb6 79. e5 Rc6 80. Ra8+ Ke7 81. Ra7+ Ke8 82. Ra1 Ke7 83. Rd1 Ra6 84. Rd5 Rb6 85. Ra5 Rc6 86. Ra7+ Ke8 87. Ke4 Rb6 88. Kd5 Rh6 89. e6 Rh1 90. Ra8+ Ke7 91. Ra7+ Ke8 1/2-1/2

[Event "FRA-chT2 North 0809"]
[Site "France"]
[Date "2008.12.14"]
[Round "4.3"]
[White "Flament, Frederic"]
[Black "Marin, Sebastien"]
[Result "1/2-1/2"]
[WhiteElo "2116"]
[BlackElo "2180"]
[PlyCount "104"]
[EventDate "2008.10.19"]
[EventType "team-tourn"]
[EventRounds "11"]
[EventCountry "FRA"]
[SourceTitle "EXT 2010"]
[Source "ChessBase"]
[SourceDate "2010.11.25"]
[SourceVersion "1"]
[SourceVersionDate "2010.11.25"]
[SourceQuality "1"]
[WhiteTeam "Le Touquet"]
[BlackTeam "Fenain Hornaing"]
[WhiteTeamCountry "FRA"]
[BlackTeamCountry "FRA"]

1. d4 Nf6 2. Nf3 g6 3. Bf4 Bg7 4. e3 0-0 5. Be2 b6 6. 0-0 d6 7. h3 c5 8. c3 Bb7 9. Nbd2 Nbd7 10. Bh2 Re8 11. b4 e5 12. Rc1 e4 13. Ne1 cxd4 14. cxd4 d5 15. Rc7 Bc8 16. Qa4 a5 17. Nc2 Nf8 18. bxa5 Ne6 19. Rc3 Bd7 20. Qb3 bxa5 21. a4 Qe7 22. Qb6 Bxa4 23. Ba6 Qa7 24. Qxa7 Rxa7 25. Be2 Bf8 26. Rb1 Nd7 27. Bb5 Bxb5 28. Rxb5 a4 29. Nb1 Nf6 30. Be5 Nd7 31. Bg3 Nf6 32. Be5 Nd7 33. Bg3 Rea8 34. Nba3 Ra5 35. Rb7 R8a7 36. Rxa7 Rxa7 37. Rc8 Nb6 38. Rc6 Nc4 39. Nxc4 dxc4 40. d5 Nd8 41. Rc8 Rd7 42. Rxc4 a3 43. Ra4 Rxd5 44. Nxa3 Rd1+ 45. Kh2 Ra1 46. Ra8 Ne6 47. Bd6 Ra2 48. Kg3 Kg7 49. Bxf8+ Nxf8 50. Ra7 Ne6 51. Nb5 Rxa7 52. Nxa7 f5 1/2-1/2

[Event "FRA-chT2 North 0809"]
[Site "France"]
[Date "2008.11.23"]
[Round "3.4"]
[White "Gosset, Arnaud"]
[Black "Flament, Frederic"]
[Result "1-0"]
[WhiteElo "2182"]
[BlackElo "2116"]
[PlyCount "81"]
[EventDate "2008.10.19"]
[EventType "team-tourn"]
[EventRounds "11"]
[EventCountry "FRA"]
[SourceTitle "EXT 2010"]
[Source "ChessBase"]
[SourceDate "2010.11.25"]
[SourceVersion "1"]
[SourceVersionDate "2010.11.25"]
[SourceQuality "1"]
[WhiteTeam "Noyon II"]
[BlackTeam "Le Touquet"]
[WhiteTeamCountry "FRA"]
[BlackTeamCountry "FRA"]

1. Nf3 Nf6 2. c4 e6 3. d4 b6 4. g3 Ba6 5. Qa4 Be7 6. Bg2 Bb7 7. 0-0 0-0 8. Nc3 d5 9. Ne5 c6 10. Rd1 a6 11. Qb3 b5 12. a4 dxc4 13. Nxc4 Nbd7 14. Bf4 Nb6 15. Na5 Qc8 16. Rac1 Nc4 17. Nxc4 bxc4 18. Qxc4 a5 19. Ne4 Nxe4 20. Bxe4 Ra6 21. Qc2 g6 22. Qb3 Qa8 23. Bd3 Ra7 24. h4 Rc8 25. Bc4 Bf8 26. h5 Ba6 27. Qf3 Bb7 28. Be5 Bg7 29. Qf4 Bxe5 30. dxe5 gxh5 31. Rd7 Rf8 32. Bxe6 Qe8 33. Qg5+ Kh8 34. Qf6+ Kg8 35. Bf5 Qxd7 36. Bxd7 Bc8 37. Bxc8 Rxc8 38. e6 c5 39. Rxc5 Rxc5 40. Qd8+ Kg7 41. Qd4+ 1-0

[Event "FRA-chT2 Nord 0708"]
[Site "France"]
[Date "2008.02.10"]
[Round "7.5"]
[White "Durez, Cedric"]
[Black "Flament, Frederic"]
[Result "0-1"]
[WhiteElo "2000"]
[BlackElo "2142"]
[PlyCount "58"]
[EventDate "2007.10.21"]
[EventType "team"]
[EventRounds "11"]
[EventCountry "FRA"]
[SourceTitle "EXT 2009"]
[Source "ChessBase"]
[SourceDate "2008.11.26"]
[SourceVersion "1"]
[SourceVersionDate "2008.11.26"]
[SourceQuality "1"]
[WhiteTeam "Arras"]
[BlackTeam "Le Touquet"]
[WhiteTeamCountry "FRA"]
[BlackTeamCountry "FRA"]

1. d4 Nf6 2. Nf3 e6 3. c3 b6 4. Bg5 Bb7 5. Nbd2 Be7 6. e3 d6 7. Bd3 Nbd7 8. Qc2 c5 9. dxc5 bxc5 10. 0-0 h6 11. Bh4 g5 12. Bg3 Nh5 13. h3 Nxg3 14. fxg3 Qc7 15. b3 0-0-0 16. b4 d5 17. Qa4 c4 18. Bc2 Qxg3 19. e4 h5 20. exd5 g4 21. Ne4 Qf4 22. d6 Bxd6 23. Nxd6+ Qxd6 24. Ng5 gxh3 25. Ne4 Qb6+ 26. Kh2 hxg2 27. Rxf7 Ne5 28. Rg7 Ng4+ 29. Kg3 g1Q+ 0-1

[Event "FRA-chT2 Nord 0708"]
[Site "France"]
[Date "2008.01.20"]
[Round "6.5"]
[White "Flament, Frederic"]
[Black "Debehaigne, Benoit"]
[Result "1-0"]
[WhiteElo "2142"]
[BlackElo "1922"]
[PlyCount "81"]
[EventDate "2007.10.21"]
[EventType "team"]
[EventRounds "11"]
[EventCountry "FRA"]
[SourceTitle "EXT 2009"]
[Source "ChessBase"]
[SourceDate "2008.11.26"]
[SourceVersion "1"]
[SourceVersionDate "2008.11.26"]
[SourceQuality "1"]
[WhiteTeam "Le Touquet"]
[BlackTeam "Arcueil"]
[WhiteTeamCountry "FRA"]
[BlackTeamCountry "FRA"]

1. d4 Nf6 2. Nf3 g6 3. Bf4 Bg7 4. e3 d6 5. c4 Nbd7 6. Nc3 c6 7. Be2 0-0 8. 0-0 a6 9. b4 Nh5 10. Bg5 h6 11. Bh4 g5 12. Nd2 Nhf6 13. Bg3 e5 14. c5 exd4 15. exd4 dxc5 16. bxc5 Nd5 17. Nxd5 cxd5 18. Qa4 Re8 19. Bd3 Nf8 20. Rae1 Bd7 21. Qb4 Bc6 22. Nf3 Ne6 23. Ne5 h5 24. Nxc6 bxc6 25. Be5 Bxe5 26. Rxe5 Nf4 27. Bc2 Rxe5 28. dxe5 Rb8 29. Qd2 Qf8 30. g3 Ne6 31. Bf5 Qg7 32. Qe3 Rb4 33. Rb1 Rxb1+ 34. Bxb1 g4 35. Bf5 Ng5 36. e6 fxe6 37. Bxe6+ Kh8 38. Bf5 Nf3+ 39. Kg2 Qe5 40. Qh6+ Kg8 41. Be6+ 1-0

[Event "FRA-chT2 Nord 0708"]
[Site "France"]
[Date "2008.01.19"]
[Round "5.5"]
[White "Amalric, Yves"]
[Black "Flament, Frederic"]
[Result "0-1"]
[WhiteElo "2171"]
[BlackElo "2142"]
[PlyCount "130"]
[EventDate "2007.10.21"]
[EventType "team"]
[EventRounds "11"]
[EventCountry "FRA"]
[SourceTitle "EXT 2009"]
[Source "ChessBase"]
[SourceDate "2008.11.26"]
[SourceVersion "1"]
[SourceVersionDate "2008.11.26"]
[SourceQuality "1"]
[WhiteTeam "Issy les Moulineaux"]
[BlackTeam "Le Touquet"]
[WhiteTeamCountry "FRA"]
[BlackTeamCountry "FRA"]

1. Nf3 Nf6 2. c4 e6 3. b3 b6 4. Bb2 Bb7 5. Nc3 d5 6. e3 Nbd7 7. Be2 Bd6 8. Qc2 0-0 9. cxd5 Nxd5 10. Nxd5 Bxd5 11. h4 f5 12. 0-0-0 a5 13. Bc4 c6 14. Nd4 Qe7 15. f3 Ne5 16. d3 Rfc8 17. e4 fxe4 18. fxe4 Bxc4 19. dxc4 b5 20. Nf3 Nxf3 21. gxf3 Ba3 22. Bxa3 Qxa3+ 23. Qb2 Qxb2+ 24. Kxb2 Rd8 25. Kc2 Kf7 26. f4 Kf6 27. Rhg1 a4 28. Kc3 axb3 29. axb3 bxc4 30. Rxd8 Rxd8 31. bxc4 g6 32. Ra1 e5 33. fxe5+ Kxe5 34. Ra7 h5 35. Re7+ Kf6 36. Rc7 Rd6 37. c5 Re6 38. Kd4 g5 39. e5+ Kg6 40. hxg5 Kxg5 41. Ke4 h4 42. Kf3 h3 43. Kg3 Kf5 44. Kxh3 Kxe5 45. Rd7 Kf5 46. Kg3 Re5 47. Kf3 Rxc5 48. Ke3 Ke5 49. Rc7 Kd6 50. Rc8 Rd5 51. Ke4 Kc5 52. Rh8 Rd4+ 53. Ke3 Kc4 54. Ra8 c5 55. Rg8 Rd7 56. Ke2 Kb4 57. Rb8+ Kc3 58. Ke1 c4 59. Rc8 Kb3 60. Rb8+ Kc2 61. Rc8 c3 62. Rb8 Kc1 63. Ke2 Rd2+ 64. Ke1 Rb2 65. Rh8 c2 0-1

[Event "FRA-chT2 0405"]
[Site "France"]
[Date "2004.12.05"]
[Round "4.6"]
[White "Flament, Frederic"]
[Black "Cami, Vincent"]
[Result "1-0"]
[WhiteElo "2129"]
[BlackElo "2040"]
[PlyCount "39"]
[EventDate "2004.10.10"]
[EventType "team"]
[EventRounds "11"]
[EventCountry "FRA"]
[SourceTitle "EXT 2006"]
[Source "ChessBase"]
[SourceDate "2005.11.24"]
[SourceVersion "1"]
[SourceVersionDate "2005.11.24"]
[SourceQuality "1"]
[WhiteTeam "Le Touquet"]
[BlackTeam "Maromme"]
[WhiteTeamCountry "FRA"]
[BlackTeamCountry "FRA"]

1. d4 Nf6 2. Nf3 e6 3. Bf4 Be7 4. e3 0-0 5. Bd3 h6 6. Nbd2 c5 7. c3 Nc6 8. g4 cxd4 9. g5 Nd5 10. gxh6 Nxf4 11. exf4 gxh6 12. Nxd4 f5 13. Rg1+ Kh8 14. Qh5 Rf6 15. N4f3 d6 16. 0-0-0 Bd7 17. Rg3 Qe8 18. Qh3 Rg6 19. Rdg1 Rxg3 20. Qxh6+ 1-0

[Event "FRA-chT2 0405"]
[Site "France"]
[Date "2004.11.06"]
[Round "2.7"]
[White "Flament, Frederic"]
[Black "Clarac, Jean Marie"]
[Result "1-0"]
[WhiteElo "2129"]
[BlackElo "2088"]
[PlyCount "35"]
[EventDate "2004.10.10"]
[EventType "team"]
[EventRounds "11"]
[EventCountry "FRA"]
[SourceTitle "EXT 2006"]
[Source "ChessBase"]
[SourceDate "2005.11.24"]
[SourceVersion "1"]
[SourceVersionDate "2005.11.24"]
[SourceQuality "1"]
[WhiteTeam "Le Touquet"]
[BlackTeam "Rosny sous Bois"]
[WhiteTeamCountry "FRA"]
[BlackTeamCountry "FRA"]

1. d4 d5 2. Nf3 Nf6 3. Bf4 c5 4. c3 e6 5. e3 Bd6 6. Ne5 0-0 7. Nd2 b6 8. Bd3 Bb7 9. Qf3 Nc6 10. Qh3 Ne7 11. Ndf3 cxd4 12. exd4 Ng6 13. Bxg6 hxg6 14. Ng5 Bxe5 15. Bxe5 Re8 16. g4 Ba6 17. Rg1 Kf8 18. Qh8+ 1-0

[Event "FRA-ch opA"]
[Site "Val d'Isere"]
[Date "2004.08.??"]
[Round "8"]
[White "Medghoul, Sherif"]
[Black "Flament, Frederic"]
[Result "1-0"]
[WhiteElo "2163"]
[BlackElo "2093"]
[PlyCount "85"]
[EventDate "2004.08.16"]
[EventType "swiss"]
[EventRounds "9"]
[EventCountry "FRA"]
[SourceTitle "EXT 2005"]
[Source "ChessBase"]
[SourceDate "2004.11.15"]
[SourceVersion "1"]
[SourceVersionDate "2004.11.15"]
[SourceQuality "1"]

1. d4 Nf6 2. c4 e6 3. Nc3 Bb4 4. e3 b6 5. Nge2 Ba6 6. a3 Be7 7. Nf4 d5 8. cxd5 Bxf1 9. Kxf1 exd5 10. Qf3 c6 11. g4 0-0 12. Kg2 Na6 13. Nd3 Rc8 14. Ne5 Bd6 15. Qe2 Nb8 16. f4 Qc7 17. Bd2 Rfd8 18. Be1 Ne8 19. Nf3 Qb7 20. Bh4 Be7 21. Bxe7 Qxe7 22. Rad1 Nd6 23. Nd2 Re8 24. Rhe1 Qf6 25. Qf3 Rcd8 26. Rc1 Re7 27. Qf2 Rde8 28. Nf3 Ne4 29. Nxe4 Rxe4 30. Ne5 Qe6 31. Kf3 f6 32. Nd3 h5 33. h3 Kf7 34. f5 hxg4+ 35. hxg4 Qd6 36. Nf4 Nd7 37. Qh4 Nf8 38. Qh8 c5 39. Nh5 Ke7 40. Qxg7+ Kd8 41. Qxf6+ Qe7 42. Qxe7+ Kxe7 43. Ng3 1-0

[Event "Nord Pas de Cal-chT"]
[Site "Lille"]
[Date "2004.??.??"]
[Round "3.9"]
[White "Flament, Frederic"]
[Black "Delboe, Charles"]
[Result "1-0"]
[WhiteElo "2072"]
[BlackElo "1560"]
[PlyCount "57"]
[EventDate "2004.04.??"]
[EventType "team-swiss"]
[EventRounds "7"]
[EventCountry "FRA"]
[SourceTitle "EXT 2005"]
[Source "ChessBase"]
[SourceDate "2004.11.15"]
[SourceVersion "1"]
[SourceVersionDate "2004.11.15"]
[SourceQuality "1"]

1. d4 c6 2. Nf3 d5 3. e3 Nf6 4. Bd3 g6 5. c4 Bg7 6. Nc3 0-0 7. 0-0 Bd7 8. Re1 e6 9. e4 dxe4 10. Nxe4 Nxe4 11. Bxe4 Qb6 12. Rb1 Qb4 13. Qe2 Na6 14. Bd2 Qd6 15. Bc3 Nc7 16. Rbd1 Rab8 17. Ne5 Bxe5 18. dxe5 Qe7 19. Rd3 c5 20. Qd2 Be8 21. Qh6 f5 22. exf6 Rxf6 23. Bxf6 Qxf6 24. Rf3 Qg7 25. Qf4 g5 26. Qd6 b6 27. Rh3 h6 28. Rxh6 Qxh6 29. Qxc7 1-0

[Event "FRA-chT3 North 0304"]
[Site "France"]
[Date "2003.12.07"]
[Round "4.4"]
[White "Briet, Guillaume"]
[Black "Flament, Frederic"]
[Result "1/2-1/2"]
[WhiteElo "2133"]
[BlackElo "2072"]
[PlyCount "128"]
[EventDate "2003.11.??"]
[EventType "team"]
[EventRounds "9"]
[EventCountry "FRA"]
[SourceTitle "EXT 2006"]
[Source "ChessBase"]
[SourceDate "2005.11.24"]
[SourceVersion "1"]
[SourceVersionDate "2005.11.24"]
[SourceQuality "1"]
[WhiteTeam "Lille II"]
[BlackTeam "Le Touquet"]
[WhiteTeamCountry "FRA"]
[BlackTeamCountry "FRA"]

1. e4 c5 2. Nf3 Nc6 3. d4 cxd4 4. Nxd4 Nf6 5. Nc3 e5 6. Ndb5 d6 7. Bg5 a6 8. Na3 b5 9. Bxf6 gxf6 10. Nd5 Bg7 11. c3 Ne7 12. Nc2 f5 13. Nxe7 Qxe7 14. exf5 d5 15. g3 Bb7 16. Bg2 d4 17. 0-0 Bxg2 18. Kxg2 Qb7+ 19. Kg1 dxc3 20. Qg4 Bf6 21. bxc3 h5 22. Qe2 Rc8 23. Rad1 h4 24. Rd6 hxg3 25. fxg3 Rxc3 26. Rxf6 Rxg3+ 27. hxg3 Rh1+ 28. Kf2 Rh2+ 29. Ke1 Rxe2+ 30. Kxe2 Ke7 31. Rh6 b4 32. Ne3 Qb5+ 33. Kf3 b3 34. Rb6 e4+ 35. Kf4 Qc5 36. Rxb3 Qa5 37. Rf2 Qe1 38. Rc2 Qh1 39. Rg2 a5 40. Kxe4 Kf6 41. g4 Kg5 42. Rb7 Qh8 43. Rgb2 Qe8+ 44. Kf3 Qh8 45. R2b5 Qh1+ 46. Ke2 Kf4 47. Nd5+ Kxg4 48. Rxa5 Qf3+ 49. Kd2 Qf2+ 50. Kd3 Qxf5+ 51. Kd4 Qf2+ 52. Ne3+ Kg3 53. Rbb5 Qf6+ 54. Ke4 Qe7+ 55. Kd3 Qd7+ 56. Ke2 f6 57. Rf5 Qb7 58. a4 Qb2+ 59. Kd3 Qb3+ 60. Kd4 Qb2+ 61. Kc5 Qa3+ 62. Kd4 Qb2+ 63. Kd3 Qb3+ 64. Kd4 Qb2+ 1/2-1/2

[Event "FRA-chT3 North 0304"]
[Site "France"]
[Date "2003.10.12"]
[Round "1.4"]
[White "Flament, Frederic"]
[Black "Lecomte, Sam"]
[Result "0-1"]
[WhiteElo "2072"]
[BlackElo "2200"]
[PlyCount "110"]
[EventDate "2003.11.??"]
[EventType "team"]
[EventRounds "9"]
[EventCountry "FRA"]
[SourceTitle "EXT 2006"]
[Source "ChessBase"]
[SourceDate "2005.11.24"]
[SourceVersion "1"]
[SourceVersionDate "2005.11.24"]
[SourceQuality "1"]
[WhiteTeam "Le Touquet"]
[BlackTeam "Aulnoye"]
[WhiteTeamCountry "FRA"]
[BlackTeamCountry "FRA"]

1. d4 Nf6 2. Nf3 e6 3. Bf4 d5 4. e3 c5 5. c3 Nc6 6. Nbd2 Be7 7. Ne5 Bd7 8. Bd3 Rc8 9. h4 cxd4 10. exd4 a6 11. h5 Qb6 12. Rb1 Qa5 13. a3 b5 14. Qf3 Qb6 15. Qg3 Rg8 16. Nxf7 Kxf7 17. Bxh7 Nxh7 18. Qg6+ Kf8 19. Qxh7 e5 20. dxe5 Bc5 21. 0-0 Ne7 22. Bg5 Nf5 23. Rbe1 Be6 24. Nf3 Be7 25. Qg6 Rc6 26. g4 Nh6 27. Bxe7+ Kxe7 28. Nd4 Rc4 29. g5 Rxd4 30. cxd4 Qxd4 31. Re3 Nf5 32. Rfe1 Qg4+ 33. Kh2 Nh4 34. Rg3 Qxg3+ 35. Kxg3 Nxg6 36. hxg6 Bf5 37. Rc1 Rc8 38. Rd1 Ke6 39. f4 Rc2 40. b4 Rc3+ 41. Kf2 Rxa3 42. Rc1 Ra2+ 43. Kg3 Rc2 44. Ra1 Rc6 45. Rh1 Bxg6 46. Rh8 d4 47. Rg8 Rc7 48. Ra8 Be4 49. Rxa6+ Rc6 50. Ra5 d3 51. Kf2 Rc2+ 52. Ke3 d2 53. Ra6+ Bc6 54. Ke2 Kf5 55. Kd1 Bf3+ 0-1

[Event "FRA-ch Accession"]
[Site "Aix les Bains"]
[Date "2003.08.29"]
[Round "10"]
[White "Emmenecker, Philippe"]
[Black "Flament, Frederic"]
[Result "1-0"]
[WhiteElo "2180"]
[BlackElo "2085"]
[PlyCount "33"]
[EventDate "2003.08.19"]
[EventType "swiss"]
[EventRounds "11"]
[EventCountry "FRA"]
[SourceTitle "EXT 2004"]
[Source "ChessBase"]
[SourceDate "2003.11.25"]
[SourceVersion "1"]
[SourceVersionDate "2003.11.25"]
[SourceQuality "1"]

1. d4 Nf6 2. c4 e6 3. Nf3 b6 4. Bf4 Bb4+ 5. Nfd2 c5 6. a3 Ba5 7. e4 Bb7 8. Bd3 Bxd2+ 9. Nxd2 d6 10. Qe2 cxd4 11. Bxd6 Qxd6 12. e5 Qe7 13. exf6 Qxf6 14. Ne4 Qe7 15. 0-0 Bxe4 16. Qxe4 Nc6 17. Qxc6+ 1-0

[Event "FRA-ch Accession"]
[Site "Aix les Bains"]
[Date "2003.08.23"]
[Round "3"]
[White "Jessel, Stephen"]
[Black "Flament, Frederic"]
[Result "1/2-1/2"]
[WhiteElo "2194"]
[BlackElo "2125"]
[PlyCount "49"]
[EventDate "2003.08.19"]
[EventType "swiss"]
[EventRounds "11"]
[EventCountry "FRA"]
[SourceTitle "EXT 2004"]
[Source "ChessBase"]
[SourceDate "2003.11.25"]
[SourceVersion "1"]
[SourceVersionDate "2003.11.25"]
[SourceQuality "1"]

1. e4 c5 2. Nf3 Nc6 3. d4 cxd4 4. Nxd4 Nf6 5. Nc3 e5 6. Ndb5 d6 7. a4 a6 8. Na3 Be6 9. Bc4 Rc8 10. 0-0 Nb4 11. Qe2 Qc7 12. b3 d5 13. exd5 Nbxd5 14. Nxd5 Nxd5 15. Bb2 Nf4 16. Qxe5 Bxa3 17. Qxc7 Rxc7 18. Bxa3 Bxc4 19. bxc4 Rxc4 20. Rab1 Rc7 21. Rfe1+ Ne6 22. f4 g6 23. g4 Kd8 24. f5 gxf5 25. gxf5 1/2-1/2

[Event "FRA-ch Accession"]
[Site "Aix les Bains"]
[Date "2003.08.19"]
[Round "1"]
[White "Saada, Julien"]
[Black "Flament, Frederic"]
[Result "0-1"]
[WhiteElo "2245"]
[BlackElo "2085"]
[PlyCount "63"]
[EventDate "2003.08.19"]
[EventType "swiss"]
[EventRounds "11"]
[EventCountry "FRA"]
[SourceTitle "EXT 2004"]
[Source "ChessBase"]
[SourceDate "2003.11.25"]
[SourceVersion "1"]
[SourceVersionDate "2003.11.25"]
[SourceQuality "1"]

1. d4 Nf6 2. Bg5 e6 3. e4 c5 4. e5 h6 5. Bc1 Nd5 6. c4 Nb6 7. dxc5 Bxc5 8. Qg4 Kf8 9. Nf3 Nc6 10. Be2 Qc7 11. Qe4 d5 12. exd6 Bxd6 13. 0-0 Ne5 14. Nbd2 Nxf3+ 15. Nxf3 Bd7 16. b3 Bc6 17. Qh4 Nd7 18. Nd4 Be7 19. Qh3 Qe5 20. Be3 Be4 21. Rad1 Nf6 22. Bf3 a6 23. Bxe4 Qxe4 24. Qg3 Rc8 25. Nf3 g6 26. Rfe1 Qg4 27. Qe5 Qf5 28. Qb2 g5 29. Ne5 Kg7 30. g4 Qh7 31. Nd7 Rcd8 32. Bb6 0-1